00331pab a2200121 454500008004000000100001700040245007900057260000900136300001300145362000800158650001200166773003100178180718b1997 xxu||||| |||| 00| 0 eng d aYinger, John aCash in your face: the cost of racial and ethnic discrimination in housing c1997 ap.339-65 aNov aHousing aJournal of Urban Economics